| 000 | 00499nam a2200193Ia 4500 | ||
|---|---|---|---|
| 005 | 20250123054957.0 | ||
| 008 | 240331s9999 xx 000 0 und d | ||
| 020 | _a8170365422 | ||
| 082 |
_bUBE _22402 _a305.30954 |
||
| 245 | 0 | _aSocial Reform, Sexuality and the State | |
| 260 |
_aNew Delhi _aCalifornia _aLondon _bSage Publications _c1996 |
||
| 300 | _axxvi, 404 p., | ||
| 650 | _aSexuality | ||
| 650 | _aState | ||
| 650 | _aGender | ||
| 650 | _aSociety | ||
| 700 |
_aUberoi, P _eedt |
||
| 942 | _cL | ||
| 999 |
_c1619 _d1619 |
||